| 000 | 00489cam a2200169ua 4500 | ||
|---|---|---|---|
| 020 | _c320.00 | ||
| 041 |
_aeng _h |
||
| 082 |
_a028.74631 _bJAI/SU |
||
| 100 | _aJain, T C . | ||
| 245 |
_aSurvey of Indian agro-bio-economic and allied literature, 1947-1975: A bibliography vol-2 / _cT C Jain. _hTextual Documents |
||
| 260 |
_aNew Delhi : _bAgricole Publishing Academy , _c1978. |
||
| 300 | _a96 ; . | ||
| 365 | _a320.00 | ||
| 504 | _a | ||
| 942 | _cBK | ||
| 999 |
_c10202 _d10202 |
||